000 00621pab a2200217 454500
008 180718b1996 xxu||||| |||| 00| 0 eng d
100 _aSeagrave, Jayne
245 _aWhats in a word?
_bcommunity policing in Britain, USA and Canada.
260 _c1996
300 _ap.30-40
362 _aJan-Mar
650 _aCommunity policing - Canada
650 _aCommunity policing - United States
650 _aCommunity policing - Great Britain
650 _aPolice - Canada
650 _aPolice - Great Britain
650 _aPolice - United States
650 _aPolice
773 _aPolice Journal
909 _a31072
999 _c31072
_d31072